000
00242 a2200109 4500
001
68602
040
_c
Anchieta - Itaigara
240
1
0
_a
Maravilhas do Oriente
_l
245
1
0
_a
Maravilhas do Oriente
650
4
_a
Geografia e viagens
942
_c
MX
999
_c
68602
_d
68602